00270nam a2200097Ia 4500008004100000100001700041245003500058260002700093300000900120650004300129190216s9999||||xx |||||||||||||| ||und|| aEric P Bloom 0aCobol The Language Of Business bBpb Publicationsc1987 a198p a"Computer Programming. Programs, Data"